000 00657nam a2200241Ia 4500
003 OSt
005 20221006144734.0
006 a|||||r|||| 00| 0
007 ta
008 221006b |||||||| |||| 00| 0 eng d
020 _c
_3.50
024 _a12,559
037 _cTextual
040 _aEASL
_cEASL
_beng
041 _2eng
_aeng
082 _aV41:1942.J49, J3
100 _aYitung Wang
_9652734
245 0 _aOfficial relations between China and Japan 1368-1549
260 _aCambridge
_bHarvard University
_c1953
300 _a128p.
_ccm.
942 _hV41:1942.J49, J3
_cTEXL
_2CC
999 _c1080645
_d1080645